[Event "COL-ch Amateur U1700"]
[Site "Paipa"]
[Date "2020.02.27"]
[Round "3"]
[White "Trujillo, Luis Angel"]
[Black "Penas F, Luis Orlando"]
[Result "1-0"]
[WhiteElo "1697"]
[BlackElo "1442"]
[PlyCount "35"]
[EventDate "2020.02.26"]
[EventType "swiss"]
[EventRounds "9"]
[EventCountry "COL"]
[SourceTitle "EXT 2021"]
[Source "ChessBase"]
[SourceDate "2020.10.23"]
[SourceVersion "1"]
[SourceVersionDate "2020.10.23"]
[SourceQuality "1"]

1. d4 d5 2. c4 dxc4 3. e3 b5 4. a4 c6 5. axb5 cxb5 6. Qf3 Qc7 7. Qxa8 a6 8. Qf3 Bb7 9. Qg3 Qc8 10. Bd2 Nf6 11. f3 e6 12. Be2 g6 13. Nh3 Be7 14. 0-0 Nh5 15. Qe1 Nc6 16. Na3 Qd8 17. Nc2 a5 18. Bxa5 1-0

[Event "COL-ch"]
[Site "Palmira"]
[Date "2017.05.19"]
[Round "7"]
[White "Trujillo, Luis Angel"]
[Black "Henao, Sebastian"]
[Result "1/2-1/2"]
[WhiteElo "1795"]
[BlackElo "1477"]
[PlyCount "31"]
[EventDate "2017.05.15"]
[EventType "swiss"]
[EventRounds "10"]
[EventCountry "COL"]
[SourceTitle "CBM 178 Extra"]
[Source "ChessBase"]
[SourceDate "2017.06.22"]
[SourceVersion "1"]
[SourceVersionDate "2017.06.22"]
[SourceQuality "1"]

1. d4 Nf6 2. Nf3 e6 3. g3 d5 4. Bg5 Be7 5. Bg2 c5 6. c3 cxd4 7. cxd4 Qb6 8. Qc2 Bd7 9. 0-0 Nc6 10. e3 Nb4 11. Qb3 Bb5 12. Rc1 Bc4 13. Qa4+ Bb5 14. Qb3 Bc4 15. Qa4+ Bb5 16. Qb3 1/2-1/2

[Event "COL-ch"]
[Site "Palmira"]
[Date "2017.05.17"]
[Round "4"]
[White "Oliveros, Camilo"]
[Black "Trujillo, Luis Angel"]
[Result "1-0"]
[WhiteElo "2017"]
[BlackElo "1795"]
[PlyCount "59"]
[EventDate "2017.05.15"]
[EventType "swiss"]
[EventRounds "10"]
[EventCountry "COL"]
[SourceTitle "CBM 178 Extra"]
[Source "ChessBase"]
[SourceDate "2017.06.22"]
[SourceVersion "1"]
[SourceVersionDate "2017.06.22"]
[SourceQuality "1"]

1. Nf3 Nf6 2. d4 d5 3. g3 g6 4. Bg2 Bg7 5. 0-0 0-0 6. b3 b6 7. Bb2 Bb7 8. Nbd2 Nbd7 9. c4 c5 10. Rc1 Rc8 11. e3 e6 12. Re1 Re8 13. Ne5 Nxe5 14. dxe5 Nd7 15. f4 Nb8 16. Nb1 Re7 17. cxd5 Bxd5 18. e4 Bc6 19. Qg4 Rcc7 20. Na3 Red7 21. Nc4 Na6 22. a3 Rd3 23. Bc3 Rcd7 24. Bf1 h5 25. Qh3 Rd1 26. Nd6 Rxe1 27. Bxe1 Nc7 28. Bc3 Ne8 29. Nxe8 Qxe8 30. Qg2 1-0

[Event "COL-ch"]
[Site "Palmira"]
[Date "2017.05.16"]
[Round "2"]
[White "Bonilla, Julio Cesar"]
[Black "Trujillo, Luis Angel"]
[Result "1/2-1/2"]
[WhiteElo "1554"]
[BlackElo "1795"]
[PlyCount "132"]
[EventDate "2017.05.15"]
[EventType "swiss"]
[EventRounds "10"]
[EventCountry "COL"]
[SourceTitle "CBM 178 Extra"]
[Source "ChessBase"]
[SourceDate "2017.06.22"]
[SourceVersion "1"]
[SourceVersionDate "2017.06.22"]
[SourceQuality "1"]

1. e4 e6 2. d4 d5 3. e5 c5 4. c3 Nc6 5. Nf3 h6 6. Bd3 a6 7. a4 Bd7 8. 0-0 c4 9. Bc2 Nge7 10. g3 Nc8 11. Nh4 Qe7 12. Qh5 N8a7 13. b3 0-0-0 14. bxc4 dxc4 15. Ba3 Qe8 16. Nd2 b5 17. axb5 axb5 18. Be4 Bxa3 19. Rxa3 Qe7 20. Rfa1 Be8 21. Qf3 Qc7 22. Ra6 Rf8 23. Qe3 g5 24. Ng2 f5 25. exf6 Rxf6 26. d5 exd5 27. Rxa7 Nxa7 28. Rxa7 Qc6 29. Bf3 Kb8 30. Re7 Bd7 31. Qe5+ Qd6 32. Ne3 Qxe5 33. Rxe5 Bc6 34. Bg2 d4 35. cxd4 Rxd4 36. Bxc6 Rxd2 37. Rxb5+ Kc7 38. Bg2 Rfxf2 39. Rc5+ Kb8 40. Rxc4 Rfe2 41. Re4 Re1+ 42. Bf1 Rde2 43. Rb4+ Kc8 44. Nd5 Rd2 45. Nb6+ Kd8 46. Rb5 Ke8 47. Rd5 Rb2 48. Nc4 Rbb1 49. Re5+ Rxe5 50. Nxe5 Kf8 51. Kf2 Rb2+ 52. Be2 Kg7 53. h3 Rb1 54. Bg4 Rb5 55. Nd3 Kf6 56. Ke3 Rb1 57. Kf3 Rf1+ 58. Nf2 Ra1 59. Ne4+ Ke5 60. Nc5 Ra3+ 61. Kf2 Ra2+ 62. Be2 Ra1 63. Nb3 Rh1 64. Kg2 Rb1 65. Nd2 Ra1 66. Kf3 Rh1 1/2-1/2

[Event "COL sub zt 2.3.4"]
[Site "La Dorada"]
[Date "2016.11.06"]
[Round "8"]
[White "Trujillo, Luis Angel"]
[Black "Sanchez, Sebastian"]
[Result "1-0"]
[WhiteElo "1805"]
[BlackElo "1515"]
[PlyCount "71"]
[EventDate "2016.11.02"]
[EventType "swiss"]
[EventRounds "9"]
[EventCountry "COL"]
[SourceTitle "CBM 175 Extra"]
[Source "ChessBase"]
[SourceDate "2016.12.12"]
[SourceVersion "1"]
[SourceVersionDate "2016.12.12"]
[SourceQuality "1"]

1. e4 e5 2. Nf3 Nc6 3. Bb5 d6 4. d4 Bd7 5. c3 h6 6. 0-0 Nf6 7. Re1 Be7 8. Nbd2 0-0 9. Bxc6 bxc6 10. dxe5 dxe5 11. Nxe5 Re8 12. Qc2 Qc8 13. Ndf3 Qb7 14. Bf4 Rad8 15. Rad1 c5 16. Nxd7 Rxd7 17. Rxd7 Nxd7 18. e5 Qc6 19. Qf5 Qd5 20. c4 Qe6 21. Qe4 Nf8 22. b3 Ng6 23. Bg3 c6 24. Rd1 Nf8 25. Qe3 a5 26. h3 Ra8 27. Bh4 Rc8 28. Bxe7 Qxe7 29. Qd2 Qa7 30. Nh4 Qb6 31. Nf5 Qc7 32. Qd6 Ng6 33. e6 fxe6 34. Qxe6+ Kh7 35. Rd7 Qe5 36. Rxg7+ 1-0

[Event "COL sub zt 2.3.4"]
[Site "La Dorada"]
[Date "2016.11.04"]
[Round "4"]
[White "Trujillo, Luis Angel"]
[Black "Ceballos, Julio Cesar"]
[Result "1-0"]
[WhiteElo "1805"]
[BlackElo "1789"]
[PlyCount "109"]
[EventDate "2016.11.02"]
[EventType "swiss"]
[EventRounds "9"]
[EventCountry "COL"]
[SourceTitle "CBM 175 Extra"]
[Source "ChessBase"]
[SourceDate "2016.12.12"]
[SourceVersion "1"]
[SourceVersionDate "2016.12.12"]
[SourceQuality "1"]

1. e4 c5 2. Nf3 g6 3. d4 Bg7 4. c3 cxd4 5. cxd4 Nf6 6. Nc3 0-0 7. Bd3 d6 8. h3 Nc6 9. Be3 a6 10. 0-0 Nb4 11. Be2 Nc6 12. Rc1 Bd7 13. Qd2 Rc8 14. Rfd1 Qa5 15. d5 Nb8 16. Bh6 Rfd8 17. Bxg7 Kxg7 18. Qd4 Kg8 19. a4 Qc5 20. Qd2 Qb4 21. Qc2 Be8 22. Rd4 Qb6 23. b4 Nbd7 24. a5 Qa7 25. Qd3 Ne5 26. Nxe5 dxe5 27. Rc4 Rxc4 28. Qxc4 Qd4 29. Bd3 Qxc4 30. Bxc4 Rc8 31. Bd3 Bd7 32. Ne2 Rxc1+ 33. Nxc1 Ne8 34. Nb3 Nd6 35. Nc5 Bc8 36. Kf1 Kf8 37. Ke2 Ke8 38. Ke3 Kd8 39. f4 exf4+ 40. Kxf4 h6 41. e5 Ne8 42. h4 Nc7 43. Be4 Nb5 44. e6 g5+ 45. hxg5 hxg5+ 46. Kxg5 f6+ 47. Kf4 Kc7 48. Na4 Kd6 49. Ke3 Ke5 50. Nb6 Nd6 51. Bc2 Bxe6 52. dxe6 Kxe6 53. Kf4 Nb5 54. Be4 Nd6 55. Bd5# 1-0

[Event "COL sub zt 2.3.4"]
[Site "La Dorada"]
[Date "2016.11.03"]
[Round "2"]
[White "Vasquez Martinez, Roberto Enr"]
[Black "Trujillo, Luis Angel"]
[Result "1-0"]
[WhiteElo "2034"]
[BlackElo "1805"]
[PlyCount "23"]
[EventDate "2016.11.02"]
[EventType "swiss"]
[EventRounds "9"]
[EventCountry "COL"]
[SourceTitle "CBM 175 Extra"]
[Source "ChessBase"]
[SourceDate "2016.12.12"]
[SourceVersion "1"]
[SourceVersionDate "2016.12.12"]
[SourceQuality "1"]

1. e4 e6 2. d4 d5 3. Nd2 dxe4 4. Nxe4 Nf6 5. Nxf6+ Qxf6 6. Nf3 Qd8 7. Bd3 Bd6 8. 0-0 h6 9. Re1 c6 10. Be3 Nd7 11. Qd2 Nf6 12. c4 1-0

[Event "COL sub zt 2.3.4"]
[Site "La Dorada"]
[Date "2016.11.02"]
[Round "1"]
[White "Trujillo, Luis Angel"]
[Black "Bolivar, Jeison"]
[Result "1/2-1/2"]
[WhiteElo "1805"]
[BlackElo "2091"]
[PlyCount "113"]
[EventDate "2016.11.02"]
[EventType "swiss"]
[EventRounds "9"]
[EventCountry "COL"]
[SourceTitle "CBM 175 Extra"]
[Source "ChessBase"]
[SourceDate "2016.12.12"]
[SourceVersion "1"]
[SourceVersionDate "2016.12.12"]
[SourceQuality "1"]

1. e4 c5 2. Nf3 d6 3. Bb5+ Nd7 4. 0-0 a6 5. Bxd7+ Bxd7 6. d4 cxd4 7. Nxd4 Nf6 8. Nc3 e6 9. Be3 b5 10. a3 Be7 11. f4 Qc7 12. Qf3 0-0 13. Rad1 Rfe8 14. h3 Rac8 15. Bf2 Bc6 16. f5 e5 17. Nxc6 Qxc6 18. Bh4 d5 19. Bxf6 dxe4 20. Nxe4 gxf6 21. c3 Rcd8 22. Kh1 Kh8 23. Qe2 Rg8 24. Rd2 Rxd2 25. Nxd2 Rd8 26. Rf3 Qd5 27. Ne4 Qd1+ 28. Qxd1 Rxd1+ 29. Kh2 Re1 30. Ng3 e4 31. Rf1 Rxf1 32. Nxf1 Bc5 33. Kg3 Bd6+ 34. Kf2 Bf4 35. Ne3 h5 36. b3 h4 37. c4 Bd6 38. cxb5 axb5 39. a4 bxa4 40. bxa4 Kg7 41. a5 Kh6 42. a6 Bc5 43. Ke2 Kg5 44. Nc2 Kxf5 45. Nb4 Kf4 46. Nc6 Kg3 47. Kf1 f5 48. a7 Bxa7 49. Nxa7 f4 50. Nc6 f3 51. gxf3 exf3 52. Nd4 f6 53. Nf5+ Kxh3 54. Kf2 Kg4 55. Ne3+ Kf4 56. Nf1 h3 57. Nh2 1/2-1/2

[Event "COL-ch Amateur"]
[Site "Villavicencio"]
[Date "2015.02.19"]
[Round "3"]
[White "Trujillo, Luis Angel"]
[Black "Velasquez, Angie Gabriela"]
[Result "1-0"]
[WhiteElo "1805"]
[BlackElo "1735"]
[PlyCount "92"]
[EventDate "2015.02.18"]
[EventType "swiss"]
[EventRounds "9"]
[EventCountry "COL"]
[SourceTitle "CBM 165 Extra"]
[Source "ChessBase"]
[SourceDate "2015.04.21"]
[SourceVersion "1"]
[SourceVersionDate "2015.04.21"]
[SourceQuality "1"]

1. e4 c5 2. Nf3 e6 3. d4 cxd4 4. Nxd4 Nf6 5. Nc3 Bb4 6. Bd3 Bxc3+ 7. bxc3 0-0 8. 0-0 Nc6 9. Bg5 d6 10. Kh1 h6 11. Bh4 g5 12. Bg3 e5 13. Nb5 a6 14. Na3 Be6 15. Qe1 b5 16. Nb1 Kg7 17. Nd2 Rc8 18. a4 Ne7 19. axb5 axb5 20. Bxb5 Rxc3 21. Bd3 Rc8 22. Nf3 Ng6 23. Ra6 Bc4 24. Ra7 Be6 25. Qb4 Rc6 26. Rfa1 Qb6 27. Qxb6 Rxb6 28. R7a6 Rfb8 29. Rxb6 Rxb6 30. Kg1 Ne7 31. Kf1 Nc6 32. Nd2 Rb2 33. Ke1 Ra2 34. Rxa2 Bxa2 35. f3 Kf8 36. Bf2 Ke7 37. Nb3 Ne8 38. Kd2 Nb4 39. Be2 Nc7 40. Kc3 Nca6 41. Bb6 f6 42. Kb2 Nb8 43. Bb5 Bxb3 44. cxb3 N8c6 45. Kc3 Nd8 46. Bxd8+ Kxd8 1-0

[Event "COL-ch"]
[Site "Ibague"]
[Date "2013.07.06"]
[Round "10"]
[White "Restrepo, Jose Daniel"]
[Black "Trujillo, Luis Angel"]
[Result "1-0"]
[WhiteElo "1944"]
[BlackElo "1682"]
[PlyCount "87"]
[EventDate "2013.07.01"]
[EventType "swiss"]
[EventRounds "11"]
[EventCountry "COL"]
[SourceTitle "EXT 2014"]
[Source "ChessBase"]
[SourceDate "2013.11.20"]
[SourceVersion "1"]
[SourceVersionDate "2013.11.20"]
[SourceQuality "1"]

1. e4 e5 2. Nf3 Nc6 3. Bc4 h6 4. d4 exd4 5. c3 d3 6. 0-0 d6 7. Qxd3 Be7 8. Bf4 Nf6 9. h3 0-0 10. b4 a6 11. Nbd2 Be6 12. Bb3 Bxb3 13. Nxb3 Re8 14. Rad1 Bf8 15. Rfe1 Nh5 16. Bh2 Qf6 17. Qe3 Ne5 18. Nxe5 dxe5 19. Rd5 Rad8 20. Red1 Rxd5 21. Rxd5 Nf4 22. Bxf4 exf4 23. Qd3 Qe6 24. f3 Qb6+ 25. Qd4 Qxd4+ 26. Rxd4 b6 27. Kf1 Re6 28. a3 Rc6 29. Rd3 g5 30. Nd4 Rc4 31. Ke2 c5 32. Nb3 cxb4 33. axb4 Bg7 34. Kd2 Kh7 35. Kc2 Kg6 36. Nd2 Rc6 37. c4 Bf8 38. Kb3 a5 39. b5 Rd6 40. Rd5 Re6 41. Ka4 Re8 42. Nb3 Rc8 43. Nd2 Bb4 44. Kb3 1-0

[Event "COL-ch"]
[Site "Ibague"]
[Date "2013.07.06"]
[Round "9"]
[White "Trujillo, Luis Angel"]
[Black "Ordonez Gonzalez, Gabriel"]
[Result "1/2-1/2"]
[WhiteElo "1682"]
[BlackElo "1909"]
[PlyCount "145"]
[EventDate "2013.07.01"]
[EventType "swiss"]
[EventRounds "11"]
[EventCountry "COL"]
[SourceTitle "EXT 2014"]
[Source "ChessBase"]
[SourceDate "2013.11.20"]
[SourceVersion "1"]
[SourceVersionDate "2013.11.20"]
[SourceQuality "1"]

1. e4 c5 2. Nf3 Nc6 3. d4 cxd4 4. Nxd4 e5 5. Nxc6 bxc6 6. Bc4 Nf6 7. Bg5 Be7 8. Nd2 0-0 9. 0-0 d5 10. Bb3 Kh8 11. c3 Nxe4 12. Bxe7 Qxe7 13. Nxe4 dxe4 14. Qe2 f5 15. Rad1 a5 16. Rfe1 Qc5 17. Qc4 Qxc4 18. Bxc4 Re8 19. Rd6 h6 20. Red1 f4 21. Rxc6 Bg4 22. Re1 Bf5 23. b4 axb4 24. cxb4 Rec8 25. b5 Bd7 26. Rxc8+ Rxc8 27. Bf1 Ra8 28. Ra1 Ra3 29. h3 Kh7 30. Bc4 Ra4 31. Bb3 Rb4 32. Bd1 Rxb5 33. Bc2 Bc6 34. f3 Rc5 35. Bxe4+ Bxe4 36. fxe4 Rc4 37. a4 Rxe4 38. a5 Rd4 39. a6 Rd8 40. a7 Ra8 41. Ra6 e4 42. Kf2 h5 43. h4 g6 44. Ke2 Kg7 45. Kd2 Kh7 46. Kc3 Kg7 47. Kb4 f3 48. gxf3 exf3 49. Kb5 f2 50. Ra1 f1Q+ 51. Rxf1 Rxa7 52. Kc5 Ra4 53. Rh1 Rf4 54. Kd5 Kf6 55. Rh2 Kf5 56. Rh1 Rf3 57. Kd4 Kg4 58. Ke4 Rg3 59. Ke5 g5 60. hxg5 Kxg5 61. Ke4 Kg4 62. Rf1 h4 63. Rf4+ Kh3 64. Rf2 Rg4+ 65. Kf3 Ra4 66. Ke2 Rb4 67. Rf3+ Kg4 68. Rf8 h3 69. Kf2 Rb2+ 70. Kg1 Rb1+ 71. Kh2 Ra1 72. Rg8+ Kf3 73. Rf8+ 1/2-1/2

[Event "COL-ch"]
[Site "Ibague"]
[Date "2013.07.02"]
[Round "3"]
[White "Trujillo, Luis Angel"]
[Black "Gomez, Jorge Leonardo"]
[Result "1/2-1/2"]
[WhiteElo "1682"]
[BlackElo "1838"]
[PlyCount "98"]
[EventDate "2013.07.01"]
[EventType "swiss"]
[EventRounds "11"]
[EventCountry "COL"]
[SourceTitle "EXT 2014"]
[Source "ChessBase"]
[SourceDate "2013.11.20"]
[SourceVersion "1"]
[SourceVersionDate "2013.11.20"]
[SourceQuality "1"]

1. e4 c6 2. d4 d5 3. exd5 cxd5 4. Nf3 Nf6 5. Bd3 g6 6. Nc3 Bg7 7. Bf4 a6 8. 0-0 Nc6 9. Re1 0-0 10. Qd2 Nb4 11. Be2 Bf5 12. Bd1 Rc8 13. a3 Ne4 14. Nxe4 dxe4 15. Qxb4 exf3 16. Bxf3 Rxc2 17. Rac1 Qxd4 18. Qxd4 Bxd4 19. Rxc2 Bxc2 20. Bc1 e5 21. Bxb7 a5 22. Re2 Bb3 23. h3 Rb8 24. Be4 f5 25. Bc2 Bc4 26. Re1 Kf7 27. b4 axb4 28. axb4 Rxb4 29. Ba3 Rb6 30. Bc1 Ra6 31. Be3 Bc3 32. Rb1 Ra1 33. Rxa1 Bxa1 34. g3 h5 35. h4 Bc3 36. Ba4 Be2 37. Bb3+ Kg7 38. Bd5 Bd4 39. Bg5 Bc5 40. Kg2 Bd6 41. Bd2 f4 42. Be4 Kf6 43. Ba5 Be7 44. Bc3 fxg3 45. Kxg3 Bg4 46. f4 Bd6 47. fxe5+ Bxe5+ 48. Bxe5+ Kxe5 49. Bxg6 Kf6 1/2-1/2

[Event "COL-ch"]
[Site "Ibague"]
[Date "2013.07.01"]
[Round "1"]
[White "Trujillo, Luis Angel"]
[Black "Martinez, Mauricio"]
[Result "0-1"]
[WhiteElo "1682"]
[BlackElo "2010"]
[PlyCount "108"]
[EventDate "2013.07.01"]
[EventType "swiss"]
[EventRounds "11"]
[EventCountry "COL"]
[SourceTitle "EXT 2014"]
[Source "ChessBase"]
[SourceDate "2013.11.20"]
[SourceVersion "1"]
[SourceVersionDate "2013.11.20"]
[SourceQuality "1"]

1. e4 c6 2. d4 d5 3. Nc3 dxe4 4. Nxe4 Nf6 5. Nxf6+ exf6 6. Nf3 Bg4 7. Be2 Bd6 8. Be3 0-0 9. 0-0 Qc7 10. h3 Bh5 11. c4 Re8 12. Rc1 Bf4 13. Qd2 Bxe3 14. fxe3 Qe7 15. Rc3 Nd7 16. Nh4 Bxe2 17. Qxe2 g6 18. Nf3 f5 19. Qf2 Nf6 20. Nd2 h5 21. Qg3 Kh7 22. Qg5 Ne4 23. Nxe4 fxe4 24. Qf6 Qxf6 25. Rxf6 Kg7 26. Rd6 Rad8 27. Rxd8 Rxd8 28. Ra3 a6 29. Rb3 Rd7 30. h4 Kf6 31. Rc3 Kf5 32. g3 f6 33. Rc1 c5 34. Rf1+ Ke6 35. d5+ Ke5 36. a4 b5 37. axb5 axb5 38. b3 bxc4 39. bxc4 Rb7 40. Rd1 Kd6 41. Rf1 f5 42. Ra1 Rb4 43. Rc1 Rb2 44. Kf1 Rh2 45. Rc3 Rh1+ 46. Kg2 Rd1 47. Kf2 Ke5 48. Ke2 Rh1 49. Rc2 Rh3 50. Rd2 Kd6 51. Rc2 Rxg3 52. Kf2 f4 53. exf4 Rf3+ 54. Ke2 Rxf4 0-1